000 00885cam a2200205 4500
001 ABS62131
008 000000n2000 000 0 eng u
035 _a(Sirsi) u105695
100 _aBrewer, G.
245 4 _aThe conditions for forming contracts
260 _c2000
490 _aContract Journal
_v403(6274) 27 April 2000, 19(1)
520 _aDiscusses "Hescorp Italia SpA v Morrison Construction Ltd" concerning formation of contracts. Implies that no contract will be formed in the absence of agreement on essential terms, either because the parties have agreed a term to be essential, or because the contract cannot be enforced without that term.
590 _aABS
650 _aHESCORP ITALIA SPA
650 _aMORRISON CONSTRUCTION LIMITED
650 _aBUILT ENVIRONMENT-BUILDING CONTRACT FORMS
690 _aBUILT ENVIRONMENT-BUILDING CONTRACT FORMS
942 _n0
999 _c63300
_d63300